| 000 | 01517nam a2200397Ii 4500 | ||
|---|---|---|---|
| 001 | DIGPASBAR0002 | ||
| 003 | NyNyDIG | ||
| 008 | 161020s2012 ctu o 000 0 spa d | ||
| 006 | m o d | ||
| 007 | cr ||||||||||| | ||
| 035 | _a(OCoLC)960962608 | ||
| 040 |
_aDGITA _beng _erda _epn _cDGITA |
||
| 020 | _z9780985279042 | ||
| 020 | _z0985279044 | ||
| 043 | _as-ec--- | ||
| 050 | 1 | 4 | _aF3791.G9 ebook |
| 082 | 0 | 4 |
_a986.632 _223 |
| 100 | 1 |
_aMartillo Monserrate, Jorge, _d1957- _eauthor. |
|
| 245 | 1 | 0 |
_aGuayaquil de mis desvaríos : _bcrónicas urbanas / _cJorge Martillo Monserrate. |
| 250 | _aPrimera edición digital. | ||
| 264 | 1 |
_aConnecticut, USA : _bPaso de Barca, _cmarzo 2012. |
|
| 300 | _a1 online resource. | ||
| 336 |
_atext _btxt _2rdacontent |
||
| 337 |
_acomputer _bc _2rdamedia |
||
| 338 |
_aonline resource _bcr _2rdacarrier |
||
| 588 | 0 | _aOnline resource; title from PDF title page (Digitalia, viewed October 20, 2016) | |
| 651 | 0 |
_aGuayaquil (Ecuador) _xSocial life and customs. |
|
| 650 | 0 |
_aFolklore _zEcuador _zGuayaquil. |
|
| 655 | 0 | _aElectronic books. | |
| 791 | 2 |
_aDigitalia (Firm), _edistributor. |
|
| 793 | 0 |
_gDigitalia eBook Collection: _aPaso de Barca |
|
| 776 | 0 | 8 |
_iPrint version: _aMartillo Monserrate, Jorge, 1957- _tGuayaquil de mis desvaríos. _bPrimera edición. _dGuayaquil, Ecuador : Editorial El Conde, 2010. _z9780985279042 |
| 856 | 4 | 0 |
_3Digitalia Hispánica _uhttps://www.digitaliapublishing.com/a/40240/ |
| 910 | _aPremium Collection: 2016 | ||
| 942 | _cRAA | ||
| 999 |
_c245449 _d245449 |
||